Open Data Biblioteca Nacional de Portugal


República Portuguesa: Ministério da Cultura
Biblioteca Nacional de Portugal

Catálogo da BNP: acesso por Identificadores Unívocos
Registos Bibliográficos associados ao registo de autoridade

Etiqueta de registo: 00000nkm 2200025 450
001 2278563
003 http://id.bnportugal.gov.pt/bib/catbnp/2278563
100 ## $a20260310d1990 m y0pory01030103ba
101 0# $apor
102 ## $aPT
200 1# $a2.º Congresso Galaico Portucalense de Técnicos de Vendas e Agentes Comerciais, Porto, 8, 9, 10, 11 novembro 90$bVisual gráfico]$fdesign Victor Santos, Alves da Silva
210 #9 $a[Porto$cs.n.],$d1990$e[Vila Nova de Gaia] :$gRocha - Artes Gráficas, Lda.)
215 ## $a1 cartaz$ccolor.$d68x48 cm
317 ## $aColeção Madeira Luís
702 #1 $95$aSantos,$bVítor$4410$384619
702 #1 $91$aSilva,$bAlves da$4410$3179339
710 02 $aCongresso Galaico Portucalense de Técnicos de Vendas e Agentes Comerciais,$d2,$ePorto,$f1990$31990272
801 #0 $aPT$bBN$gRPC
966 ## $lBN$mICONOG$sCT. 23367 A.$x3
971 ## $cCaticonografia7$d20260310
972 ## $d20260311$e1$vfpinelo$z0
995 ## $aPRR2026

OpendataBNP@bnportugal.pt | Mais informação sobre acesso aos dados BNP